[Event "IECC CL7-2006.01 email"]
[Site "IECC email"]
[Date "2006.01.21"]
[Round "?"]
[White "Grillo, Vince"]
[Black "Simmons, Ernest"]
[Result "0-1"]
[WhiteElo "1074"]
[BlackElo "987"]
[PlyCount "66"]
[EventDate "2006.??.??"]
[EventType "tourn (corr)"]
[EventRounds "4"]
[SourceTitle "Corr 2020"]
[Source "ChessBase"]
[SourceDate "2019.09.30"]
[SourceVersion "1"]
[SourceVersionDate "2019.09.30"]
[SourceQuality "1"]
[WhiteTeam "England"]
[BlackTeam "United States"]
[WhiteTeamCountry "ENG"]
[BlackTeamCountry "USA"]

1. e4 c6 2. Nf3 d5 3. exd5 cxd5 4. d4 Nf6 5. Bd3 e6 6. 0-0 Bd6 7. b3 0-0 8. c4 Bd7 9. Ba3 Bxa3 10. Nxa3 a6 11. cxd5 Nxd5 12. Be4 Bc6 13. Bxd5 Bxd5 14. Nc2 Qc7 15. Rc1 Qe7 16. Ne3 Nc6 17. a4 Nb4 18. Ra1 a5 19. Re1 Rfc8 20. Nxd5 Nxd5 21. Qd2 b6 22. Rac1 h6 23. Ne5 Qd6 24. Nd3 Qa3 25. Nf4 Qxb3 26. Nxd5 Qxd5 27. h3 f6 28. Qb2 Rc6 29. Re3 Rac8 30. Rxc6 Rxc6 31. Rb3 Qd6 32. Rb5 Kf7 33. f3 Qc7 0-1

[Event "IECC CL7-2006.01 email"]
[Site "IECC email"]
[Date "2006.01.21"]
[Round "?"]
[White "Ramieri, Paolo"]
[Black "Grillo, Vince"]
[Result "1-0"]
[WhiteElo "1089"]
[BlackElo "1090"]
[PlyCount "49"]
[EventDate "2006.??.??"]
[EventType "tourn (corr)"]
[EventRounds "4"]
[SourceTitle "Corr 2020"]
[Source "ChessBase"]
[SourceDate "2019.09.30"]
[SourceVersion "1"]
[SourceVersionDate "2019.09.30"]
[SourceQuality "1"]
[WhiteTeam "Italy"]
[BlackTeam "England"]
[WhiteTeamCountry "ITA"]
[BlackTeamCountry "ENG"]

1. e4 e5 2. Nf3 d6 3. d4 exd4 4. Nxd4 Bd7 5. Nc3 Nc6 6. Bb5 Nxd4 7. Qxd4 Nf6 8. e5 dxe5 9. Qxe5+ Be7 10. Bf4 c6 11. Bd3 0-0 12. 0-0-0 Ng4 13. Qe2 Bg5 14. Bd2 Re8 15. Ne4 Bxd2+ 16. Qxd2 g6 17. h3 Ne5 18. g4 a5 19. g5 Re7 20. f4 Nxd3+ 21. Qxd3 Qc7 22. Nf6+ Kh8 23. Rhf1 Rd8 24. Qc3 Qc8 25. Nd5+ 1-0

[Event "IECC CL7-2005.04 email"]
[Site "IECC email"]
[Date "2005.02.13"]
[Round "?"]
[White "Grillo, Vince"]
[Black "Copin, Jean Christophe"]
[Result "0-1"]
[WhiteElo "1059"]
[BlackElo "1163"]
[PlyCount "82"]
[EventDate "2005.??.??"]
[EventType "tourn (corr)"]
[EventRounds "4"]
[SourceTitle "Corr 2020"]
[Source "ChessBase"]
[SourceDate "2019.09.30"]
[SourceVersion "1"]
[SourceVersionDate "2019.09.30"]
[SourceQuality "1"]
[WhiteTeam "England"]
[BlackTeam "France"]
[WhiteTeamCountry "ENG"]
[BlackTeamCountry "FRA"]

1. e4 c5 2. Nf3 Nc6 3. a3 e5 4. Nc3 Nf6 5. Bb5 Nd4 6. Nxd4 cxd4 7. Nd5 Nxd5 8. exd5 Qa5 9. Bc4 b5 10. Bb3 b4 11. 0-0 Bd6 12. d3 0-0 13. Bd2 Qb6 14. axb4 Bxb4 15. Bxb4 Qxb4 16. Qf3 Bb7 17. Qf5 d6 18. Ra4 Qb5 19. f4 Bxd5 20. Bxd5 Qxd5 21. fxe5 dxe5 22. Rfa1 g6 23. Qg5 f6 24. Qd2 Rf7 25. Ra5 Qb7 26. b4 Rc7 27. Rc1 Rc3 28. b5 Qc7 29. Ra2 Qc5 30. Rb1 Rb8 31. Rab2 e4 32. Kf1 exd3 33. cxd3 Qf5+ 34. Ke1 Re8+ 35. Qe2 Rxe2+ 36. Rxe2 Qxd3 37. Rd1 Qxb5 38. Rxd4 Rc1+ 39. Kd2 Qg5+ 40. Kd3 Rd1+ 41. Kc4 Rxd4+ 0-1

[Event "IECC CL7-2004.18 email"]
[Site "IECC email"]
[Date "2004.11.16"]
[Round "?"]
[White "Grillo, Vince"]
[Black "Jibouleau, Jean"]
[Result "1-0"]
[WhiteElo "1025"]
[BlackElo "1078"]
[PlyCount "83"]
[EventDate "2004.??.??"]
[EventType "tourn (corr)"]
[EventRounds "4"]
[SourceTitle "Corr 2008"]
[Source "ChessBase"]
[SourceDate "2008.06.24"]
[SourceVersion "1"]
[SourceVersionDate "2008.06.24"]
[SourceQuality "1"]

1. d4 Nf6 2. Nc3 d5 3. Bf4 e6 4. e3 Bd6 5. Bxd6 Qxd6 6. a3 0-0 7. Nf3 b6 8. b4 Ne4 9. Nxe4 dxe4 10. Nd2 Bb7 11. c4 Nd7 12. g3 c5 13. Qg4 Nf6 14. Qf4 Qxf4 15. gxf4 Nd7 16. Bg2 Nf6 17. dxc5 bxc5 18. b5 a6 19. a4 axb5 20. cxb5 Rfd8 21. Nc4 Bd5 22. Nb6 Rab8 23. Nxd5 exd5 24. 0-0 c4 25. Rfd1 c3 26. Ra2 Rdc8 27. Rc1 Rc4 28. Bf1 Rc7 29. a5 Nd7 30. Ra3 c2 31. Ra2 Rbc8 32. Bh3 f5 33. Bxf5 Rf8 34. Bxd7 Rxd7 35. Rcxc2 Rb8 36. b6 Rdb7 37. Rc7 Rxc7 38. bxc7 Rc8 39. a6 Kf7 40. a7 Ke7 41. a8Q Rxa8 42. Rxa8 1-0

[Event "IECC CL8-2004.07 email"]
[Site "IECC email"]
[Date "2004.05.17"]
[Round "?"]
[White "Booth, Grahame"]
[Black "Grillo, Vince"]
[Result "0-1"]
[WhiteElo "1018"]
[BlackElo "984"]
[PlyCount "56"]
[EventDate "2004.??.??"]
[EventType "tourn (corr)"]
[EventRounds "4"]
[SourceTitle "Corr 2008"]
[Source "ChessBase"]
[SourceDate "2008.06.24"]
[SourceVersion "1"]
[SourceVersionDate "2008.06.24"]
[SourceQuality "1"]

1. e4 e5 2. Nc3 Bc5 3. Nf3 d6 4. Bc4 Nf6 5. 0-0 Bb4 6. a3 Bxc3 7. dxc3 Nxe4 8. Qd5 Be6 9. Qxe4 d5 10. Qxd5 Bxd5 11. Nxe5 Bxc4 12. Nxc4 0-0 13. Bf4 Qh4 14. g3 Qf6 15. Bxc7 Nc6 16. Rad1 Rac8 17. Bf4 g5 18. Bd6 Rfd8 19. f4 gxf4 20. Bxf4 Rxd1 21. Rxd1 Qe6 22. Ne3 Qa2 23. b4 Qxa3 24. b5 Na5 25. Nf5 Qc5+ 26. Nd4 Qxc3 27. g4 Qh3 28. Rd3 Qh4 0-1

[Event "IECC CL8-2003.13 email"]
[Site "IECC email"]
[Date "2003.06.11"]
[Round "?"]
[White "Johnson, Aaron"]
[Black "Grillo, Vince"]
[Result "0-1"]
[WhiteElo "920"]
[BlackElo "1012"]
[PlyCount "62"]
[EventDate "2003.??.??"]
[EventType "tourn (corr)"]
[EventRounds "4"]
[SourceTitle "Corr 2008"]
[Source "ChessBase"]
[SourceDate "2008.06.24"]
[SourceVersion "1"]
[SourceVersionDate "2008.06.24"]
[SourceQuality "1"]

1. e4 e5 2. d4 exd4 3. Qxd4 Nc6 4. Qe3 b6 5. Nc3 Qf6 6. Nf3 Nh6 7. Nd5 Qd6 8. Bd2 Ng4 9. Qe2 Bb7 10. 0-0-0 Nce5 11. h3 Nxf3 12. Qxf3 Ne5 13. Qf5 Bxd5 14. Bf4 g6 15. Bxe5 gxf5 16. Bxd6 Bxd6 17. exd5 0-0-0 18. Ba6+ Kb8 19. Rhe1 Rhg8 20. g3 f4 21. g4 f3 22. Bd3 h5 23. gxh5 Rg2 24. Rf1 Rh2 25. Bf5 Re8 26. Bxd7 Re2 27. Rg1 Bb4 28. c3 Bc5 29. Bc6 Be3+ 30. fxe3 Rc2+ 31. Kb1 Rxb2+ 0-1

[Event "IECC M email"]
[Site "IECC email"]
[Date "2003.01.04"]
[Round "?"]
[White "Brown, Peter"]
[Black "Grillo, Vince"]
[Result "1-0"]
[WhiteElo "1000"]
[BlackElo "989"]
[PlyCount "39"]
[EventDate "2003.??.??"]
[EventType "tourn (corr)"]
[EventRounds "6"]
[SourceTitle "Corr 2008"]
[Source "ChessBase"]
[SourceDate "2008.06.24"]
[SourceVersion "1"]
[SourceVersionDate "2008.06.24"]
[SourceQuality "1"]

1. e4 e5 2. Nf3 d6 3. d4 exd4 4. Nxd4 a6 5. Nc3 Bd7 6. Bc4 Nc6 7. 0-0 Nxd4 8. Qxd4 Nf6 9. Re1 Be7 10. Bf4 0-0 11. e5 dxe5 12. Bxe5 c5 13. Qf4 Nh5 14. Qf3 Nf6 15. Qxb7 a5 16. Nd5 Be6 17. Nxe7+ Kh8 18. Rad1 Nd7 19. Bxe6 Qxe7 20. Rxd7 1-0